Представление документа в формате RUSMARC

ПолеНазваниеЗначение
  Тип записи a
  Библиографический уровень m
001 Контрольный номер dc8dfb6ddb29496f8c41af958abe521a
005 Дата корректировки 20140604094148.5
010 Индекс ISBN __
a ISBN 978-5-238-01354-1
101 Язык документа 0_
a Язык текста rus
102 Страна публикации __
a Страна публикации RU
200 Заглавие и сведения об ответственности 1_
a Заглавие Основы стратегического менеджмента
e Сведения, относящиеся к заглавию учеб. для вузов: пер. с англ.
f Первые сведения об ответственности Дж. Дэвид Хангер, Томас Л. Уилен
205 Сведения об издании __
a Основные сведения об издании 4-е изд.
210 Выходные данные 1_
c Издательство ЮНИТИ
a Место издания М.
d Дата издания 2008
215 Физическое описание __
a Объем 317, [2] с.
225 Серия 2_
a Серия Зарубежный учебник
300 Общие примечания __
a Общие примечания гриф УМО
610 Ключевые слова 0_
a Ключевые слова стратегический менеджмент
610 Ключевые слова 0_
a Ключевые слова корпоративное управление
610 Ключевые слова 0_
a Ключевые слова совет директоров
610 Ключевые слова 0_
a Ключевые слова топ-менеджер
610 Ключевые слова 0_
a Ключевые слова конкуренция
610 Ключевые слова 0_
a Ключевые слова прогнозирование
610 Ключевые слова 0_
a Ключевые слова бизнес-модель
610 Ключевые слова 0_
a Ключевые слова фирма
610 Ключевые слова 0_
a Ключевые слова бизнес-стратегия
610 Ключевые слова 0_
a Ключевые слова корпоративная стратегия
610 Ключевые слова 0_
a Ключевые слова реализация стратегии
610 Ключевые слова 0_
a Ключевые слова персонал
610 Ключевые слова 0_
a Ключевые слова руководство
610 Ключевые слова 0_
a Ключевые слова анализ кейсов
610 Ключевые слова 0_
a Ключевые слова презентация
610 Ключевые слова 0_
a Ключевые слова информационные ресурсы
610 Ключевые слова 0_
a Ключевые слова стратегический аудит
610 Ключевые слова 0_
a Ключевые слова гриф
686 Индексы других классификаций __
a Классификационный индекс 65.050.8я73
2 Код системы rubbk
700 Автор _1
a Фамилия Хангер
g Полное личное имя Дж. Дэвид
701 Альтернативная интеллектуальная ответственность _1
a Фамилия Уилен
g Полное личное имя Томас Л.
702 Вторичная интеллектуальная ответственность _1
a Фамилия Егорова
b Имя В. Н.
4 Код отношения 730
801 Источник записи _0
a Страна RU
b Организация РУК
c Дата составления 20080707
g Правила каталогизации PSBO
801 Источник записи _1
a Страна RU
b Организация РУК
c Дата составления 20080707
g Правила каталогизации PSBO
852 Данные о местонахождении __
j Шифр хранения ББК 65.050
i Авторский знак Х 19
901 Тип документа __
t Тип документа m
938 Служебная информация __
a Название организации Головной вуз
b Имя БД BOOK
c Название АИБС АИБС ИРБИС
952 Тип литературы __
b Гриф литературы для ВШ гриф